Faculty of Law Library — Cairo University

Official Online Catalog

Civil liberties / (Record no. 48345)

MARC details
000 -LEADER
fixed length control field 01017cac a2200337 i 4500
003 - CONTROL NUMBER IDENTIFIER
control field EG-GICUC
005 - DATE AND TIME OF LATEST TRANSACTION
control field 20260121101429.0
008 - FIXED-LENGTH DATA ELEMENTS--GENERAL INFORMATION
fixed length control field 940405s1994 enk fr 001 0 eng d
020 ## - INTERNATIONAL STANDARD BOOK NUMBER
International Standard Book Number 1874241104
020 ## - INTERNATIONAL STANDARD BOOK NUMBER
International Standard Book Number 9781874241102
040 ## - CATALOGING SOURCE
Original cataloging agency DGU-L
Transcribing agency DGU-L
Modifying agency DLC
-- EG-GICUC
Language of cataloging eng
Description conventions rda
043 ## - GEOGRAPHIC AREA CODE
Geographic area code e-uk---
050 00 - LIBRARY OF CONGRESS CALL NUMBER
Classification number KD4080.Z9
Item number F46 1993
082 00 - DEWEY DECIMAL CLASSIFICATION NUMBER
Classification number 341.48
Edition number 21
092 04 - LOCALLY ASSIGNED DEWEY CALL NUMBER (OCLC)
Edition number 21
099 ## - LOCAL FREE-TEXT CALL NUMBER (OCLC)
Classification number Law 08 1994
100 1# - MAIN ENTRY--PERSONAL NAME
Personal name Fenwick, Helen.
245 10 - TITLE STATEMENT
Title Civil liberties /
Statement of responsibility, etc. Helen Fenwick.
264 ## - PRODUCTION, PUBLICATION, DISTRIBUTION, MANUFACTURE, AND COPYRIGHT NOTICE
Place of production, publication, distribution, manufacture London :
Name of producer, publisher, distributor, manufacturer Cavendish Pub. Ltd.,
Date of production, publication, distribution, manufacture, or copyright notice 1993.
300 ## - PHYSICAL DESCRIPTION
Extent xxx, 374 page ;
Dimensions 25 cm.
336 ## - CONTENT TYPE
Content type term text
Content type code txt
Source rdacontent
337 ## - MEDIA TYPE
Media type term unmediated
Media type code n
Source rdamedia
338 ## - CARRIER TYPE
Carrier type term volume
Carrier type code nc
Source rdacarrier
490 1# - SERIES STATEMENT
Series statement Lecture notes / Cavendish Publishing Limited
500 ## - GENERAL NOTE
General note Includes index.
650 #0 - SUBJECT ADDED ENTRY--TOPICAL TERM
Topical term or geographic name entry element Civil rights
Geographic subdivision Great Britain.
830 #0 - SERIES ADDED ENTRY--UNIFORM TITLE
Uniform title Lecture notes (Cavendish Publishing Limited)
856 40 - ELECTRONIC LOCATION AND ACCESS
Uniform Resource Identifier <a href="https://fll.law.cu.edu.eg/fulltext/bks/ENGB08-00085.pdf">https://fll.law.cu.edu.eg/fulltext/bks/ENGB08-00085.pdf</a>
905 ## - Cataloger and Reviser Names
Cataloger Name: Hend El khosy
942 ## - ADDED ENTRY ELEMENTS (KOHA)
Source of classification or shelving scheme Dewey Decimal Classification
Koha item type Books
Edition 21
Suppress in OPAC No
Holdings
Withdrawn status Lost status Source of classification or shelving scheme Damaged status Not for loan Collection Home library Current library Date acquired Total checkouts Full call number Barcode Date last seen Copy number Price effective from Koha item type Public note
    Dewey Decimal Classification     القانون الدستوري جــــامعة القــاهرة مكتبة كلية الحقوق - فـرع الشيخ زايد 04.12.2025   Law2 08 341.48 FE . C 1994 0800085 C1 ENGB08-00085 04.12.2025 1 04.12.2025 Books 1477

© All rights reserved — Faculty of Law, Cairo University